Materiálne didaktické prostriedky pri výučbe odborného jazyka

Využitie a funkcia materiálnych didaktických pomôcok pri výučbe cudzieho jazyka. Pozornosť je sústredená na spôsoby organizácie práce so študentami - mierne pokročilými na Ekonomickej univerzite v Bratislave, ktorí si vyberajú ruský jazyk ako tretí cudzí jazyk. Konkrétne príklady takejto práce pri v...

Descrizione completa

Salvato in:
Dettagli Bibliografici
Autore principale: Dziváková, Michaela, 1979-
Natura: Capitolo di libro
Lingua:slovacco
Soggetti:
Tags: Aggiungi Tag
Nessun Tag, puoi essere il primo ad aggiungerne!!

MARC

LEADER 00000nla a2200000 4500
001 0181751
005 20240502073122.5
041 0 |a slo 
044 |a SK 
245 1 0 |a Materiálne didaktické prostriedky pri výučbe odborného jazyka  |c Michaela Dziváková 
520 |a Využitie a funkcia materiálnych didaktických pomôcok pri výučbe cudzieho jazyka. Pozornosť je sústredená na spôsoby organizácie práce so študentami - mierne pokročilými na Ekonomickej univerzite v Bratislave, ktorí si vyberajú ruský jazyk ako tretí cudzí jazyk. Konkrétne príklady takejto práce pri výučbe odbornej, ruskej ekonomickej lexiky s pomocou audiovizuálnych pomôcok. 
610 2 0 |a jazyky cudzie 
610 2 0 |a ruština 
610 2 0 |a výučba vedecká 
610 2 0 |a pomôcky učebné 
100 1 |a Dziváková, Michaela, 1979-